000 00615nam a2200241Ia 4500
003 OSt
005 20220918194150.0
006 a|||||r|||| 00| 0
007 ta
008 220917b |||||||| |||| 00| 0 eng d
024 _a78,066
037 _cTextual
040 _aARTS
_cARTS
_beng
041 _2eng
_aeng
082 _aS, H93
100 _aBoring Edwin Garrigues
_983782
245 0 _aPsychology, a factual book
260 _c1949
490 _aWiley publications in psychology; 8
650 _aPSYCHOLOGY
942 _hS, H93
_cTEXL
_2CC
999 _c201920
_d201920